Acteurs en E (par images). - Statistiques

Statistiques générales
  • Ce quiz a été pris 766 fois
  • Le résultat moyen est 7 sur 16
Statistiques - réponses
Par images Réponse % Correct
Gad Elmaleh
94%
Virginie Efira
84%
Adèle Exarchopoulos
79%
Clint Eastwood
75%
Zac Efron
75%
Fabrice Eboué
72%
Chris Evans
70%
Idris Elba
67%
Vincent Elbaz
32%
Jesse Eisenberg
29%
Sofia Essaïdi
24%
Tom Ellis
18%
Nathalie Emmanuel
9%
Aaron Eckhart
6%
Chiwetel Ejiofor
4%
Joel Edgerton
4%
Aucun quiz correspondant
Distribution des résultats
% des personnes avec chaque résultat
Percentile par nombre de réponses
Votre historique - résultats
Vous n’avez pas pris ce quiz